000 00560nam a22001697a 4500
005 20120213111011.0
020 _c290.00
035 _aA-997990
037 _adpl
082 _a005.754
100 _aParekh,Harsha
_941677
245 _aInternet :
_bin the scholary communication process/
_cHarsha,Parekh
260 _aMumbai
_bWriter
_c2000
300 _aV,235p.
_c23 cm (pbk)
942 _2ddc
_cEN
_h005.754
_mPAR
999 _c62594
_d62594